Beyoncé - Toutes les chansons - Statistiques

Statistiques générales
  • Ce quiz a été pris 215 fois
  • Le résultat moyen est 59 sur 174
Statistiques - réponses
Hint Réponse % Correct
Dangerously in Love 1 Crazy in Love (feat. Jay-Z)
82%
I Am... Sasha Fierce 2 Halo
72%
I Am... Sasha Fierce 10 Single Ladies (Put a Ring on It)
72%
Beyoncé 3 Drunk in Love (feat. JAYZ)
70%
Beyoncé 17 Drunk In Love remix (feat. Jay-Z, Kanye West)
70%
Renaissance 4 Cuff It
68%
4 12 Run the World (Girls)
68%
4 18 Run the World (Girls) (Jochen Simms Club Remix)
68%
4 17 Run the World (Girls) (Red Top Club Remix)
68%
Lemonade 12 Formation
67%
Beyoncé 15 7/11
64%
Renaissance 6 Break My Soul
63%
Renaissance 3 Alien Superstar
62%
B'Day 1 Déjà Vu (feat. Jay-Z)
60%
4 8 Love on Top
60%
I Am... Sasha Fierce 13 Diva
59%
Cowboy Carter 7 Texas Hold 'Em
59%
Dangerously in Love 3 Baby Boy (feat. Sean Paul)
58%
Beyoncé 6 YONCÉ / Partition
58%
Renaissance 14 America Has a Problem
57%
Singles 2023 AMERICA HAS A PROBLEM (feat. Kendrick Lamar)
57%
Collaborations 2010 Telephone de Lady Gaga
57%
Cowboy Carter 1 Ameriican Requiem
56%
Dangerously in Love Bonus Daddy
56%
Renaissance 1 I'm That Girl
56%
Lemonade 11 All Night
55%
Renaissance 2 Cozy
55%
I Am... Sasha Fierce 1 If I Were a Boy
55%
Renaissance 11 Heated
55%
Everything Is Love 1 Summer
54%
Cowboy Carter 10 Jolene
53%
Renaissance 9 Virgo's Groove
53%
4 1 1+1
52%
B'Day 9 Irreplaceable
52%
Dangerously in Love 2 Naughty Girl
51%
Renaissance 15 Pure/Honey
51%
Cowboy Carter 25 Tyrant (feat. Dolly Parton)
51%
Cowboy Carter 20 Ya Ya
51%
Singles 2007 Beautiful Liar (feat. Shakira)
50%
Cowboy Carter 2 Blackbiird (feat. Brittney Spencer, Reyna Roberts, Tanner Adell et Tiera Kennedy)
50%
Renaissance 5 Energy (feat. Beam)
50%
Lemonade 2 Hold Up
50%
Renaissance 10 Move (feat. Grace Jones and Tems)
50%
Renaissance 16 Summer Renaissance
50%
Beyoncé 14 Blue (feat. Blue Ivy)
49%
Lemonade 4 Sorry
49%
Cowboy Carter 3 16 Carriages
48%
Cowboy Carter 11 Daughter
48%
Beyoncé 11 Flawless (feat. Chimamanda Ngozi Adichie)
48%
Beyoncé 16 Flawless (feat. Nicki Minaj)
48%
Lemonade 10 Freedom (feat. Kendrick Lamar)
48%
Beyoncé 1 Pretty Hurts
48%
Cowboy Carter 27 Amen
47%
Renaissance 13 All Up in Your Mind
46%
Renaissance 7 Church Girl
46%
4 2 I Care
46%
Renaissance 8 Plastic Off the Sofa
46%
Renaissance 12 Thique
46%
Lemonade 6 Daddy Lessons
45%
Cowboy Carter 17 Levii's Jeans (feat. Post Malone)
45%
I Am... Sasha Fierce 14 Sweet Dreams
45%
Everything Is Love 2 Apeshit
44%
Beyoncé 10 XO
43%
Cowboy Carter 8 Bodyguard
42%
B'Day 7 Freakum Dress
42%
Beyoncé 2 Ghost / Haunted
42%
B'Day 8 Green Light
42%
Cowboy Carter 4 Protector (feat. Rumi Carter)
42%
B'Day 6 Kitty Kat
41%
Cowboy Carter 18 Flamenco
40%
Dangerously in Love 6 Me, Myself and I
40%
Lemonade 1 Pray You Catch Me
40%
B'Day 4 Upgrade U (feat. Jay-Z)
40%
Lemonade 5 6 Inch (feat. The Weeknd)
39%
Lemonade 8 Sandcastles
39%
I Am... Sasha Fierce 16 Hello
38%
Cowboy Carter 26 Sweet ★ Honey ★ Buckiin' (feat. Shaboozey)
38%
I Am... Sasha Fierce 17 Ego
37%
Cowboy Carter 16 II Most Wanted (feat. Miley Cyrus)
37%
Singles 2023 MY HOUSE
37%
4 4 Best Thing I Never Had
36%
Beyoncé 4 Blow
36%
4 9 Countdown
36%
Lemonade 3 Don't Hurt Yourself (feat. Jack White)
36%
B'Day 2 Get Me Bodied
36%
B'Day 5 Ring the Alarm
36%
I Am... Sasha Fierce 15 Video Phone
36%
I Am... Sasha Fierce 20 Video Phone (feat. Lady Gaga)
36%
Cowboy Carter 13 Alliigator Tears
35%
Singles 2007 Listen pour "Dreamgirls"
35%
Lemonade 7 Love Drought
35%
Cowboy Carter 12 Spaghettii (feat. Linda Martell et Shaboozey)
35%
Cowboy Carter 23 Riiverdance
34%
Cowboy Carter 5 My Rose
33%
4 10 End of Time
32%
Cowboy Carter 24 II Hands II Heaven
32%
4 15 Dance for You
31%
4 5 Party (feat. André 3000)
31%
Cowboy Carter 22 Desert Eagle
29%
Beyoncé 7 Jealous
29%
Dangerously in Love 7 Yes
29%
Singles 2020 ALREADY (feat. Shatta Wale et Major Lazer) pour The Lion King: The Gift
28%
B'Day 11 Check on It (feat. Bun B & Slim Thug)
28%
Cowboy Carter 9 Dolly P (feat. Dolly Parton)
28%
Singles 2013 Grown Woman
28%
4 11 I Was Here
28%
Cowboy Carter 15 Just for Fun (feat. Willie Jones)
28%
Beyoncé 8 Rocket
28%
I Am... Sasha Fierce 5 Ave Maria
27%
Collaborations 2020 Savage de Megan Thee Stallion
27%
Dangerously in Love 9 Speechless
26%
B'Day 3 Suga Mama
26%
Singles 2020 BROWN SKIN GIRL (feat. Blue Ivy, SAINt JHN et Wizkid) pour The Lion King: The Gift
25%
4 3 I Miss You
24%
Singles 2020 MY POWER (feat. Nija, Busiswa, Yemi Alade, Tierra Whack, Moonchild Sanelly et DJ Lag) pour The Lion King: The Gift
24%
Singles 2020 SPIRIT pour The Lion King: The Gift
24%
Beyoncé 12 Superpower (feat. Frank Ocean)
23%
I Am... Sasha Fierce 19 Why Don't You Love Me
23%
Lemonade 9 Forward (feat. James Blake)
22%
I Am... Sasha Fierce 11 Radio
22%
Everything Is Love 4 Nice
21%
I Am... Sasha Fierce 4 Broken-Hearted Girl
20%
Dangerously in Love 12 Dangerously in Love 2
19%
Everything Is Love 6 Friends
19%
Beyoncé 9 MINE (feat. Drake)
19%
Beyoncé 5 No Angel
19%
Dangerously in Love 5 Be with You
18%
Singles 2020 BIGGER pour The Lion King: The Gift
18%
Dangerously in Love 14 Gift from Virgo
18%
B'Day 10 Resentment
18%
4 14 Schoolin' Life
18%
Singles 2020 FIND YOUR WAY BACK pour The Lion King: The Gift
17%
Everything Is Love 3 Boss
16%
Collaborations 2017 Perfect Duet d'Ed Sheeran
16%
4 6 Rather Die Young
16%
Beyoncé 18 Ring Off
16%
Dangerously in Love 8 Signs (feat. Missy Elliott)
16%
Cowboy Carter 14 Smoke Hour II (feat. Willie Nelson)
16%
Cowboy Carter 19 The Linda Martell Show (feat. Linda Martell)
16%
I Am... Sasha Fierce 7 Satellites
15%
Singles 2020 BLACK PARADE pour The Lion King: The Gift
14%
Singles 2020 WATER (feat. Salatiel et Pharrell Williams) pour The Lion King: The Gift
14%
Everything Is Love 8 Black Effect
13%
Dangerously in Love 4 Hip Hop Star (feat. Big Boi et Sleepy Brown)
13%
Beyoncé 20 Standing On The Sun
13%
Cowboy Carter 6 Smoke Hour ★ Willie Nelson (feat. Willie Nelson)
12%
Everything Is Love 5 713
11%
Dangerously in Love 13 Beyoncé Interlude
11%
4 7 Start Over
11%
Dangerously in Love 16 '03 Bonnie & Clyde (feat. Jay-Z)
10%
I Am... Sasha Fierce 3 Disappear
10%
Everything Is Love 9 LoveHappy
10%
I Am... Sasha Fierce 9 Save the Hero
10%
I Am... Sasha Fierce 18 Scared of Lonely
10%
Dangerously in Love 10 That's How You Like It (feat. Jay-Z)
10%
I Am... Sasha Fierce 8 That's Why You're Beautiful
10%
Everything Is Love 7 Heard About Us
8%
Singles 2020 MOOD 4 EVER (feat. Jay-Z, Childish Gambino, Oumou Sangaré) pour The Lion King: The Gift
8%
Singles 2020 OTHERSIDE pour The Lion King: The Gift
8%
I Am... Sasha Fierce 6 Smash Into You
8%
Dangerously in Love 11 The Closer I Get to You (feat. Luther Vandross)
7%
Singles 2020 Be Alive pour "King Richard"
6%
Singles 2020 NILE (feat. Kendrick Lamar) pour The Lion King: The Gift
6%
Dangerously in Love 15 Work It Out
6%
Beyoncé 19 Blow remix (feat Pharrell Williams)
5%
Singles 2023 DELRESTO (ECHOES) (feat. Travis Scott)
5%
Everything Is Love 10 Salud!
5%
I Am... Sasha Fierce 12 Poison
4%
Singles 2010 Fever
3%
4 13 Lay Up Under Me
3%
Cowboy Carter 21 Oh Louisiana Chuck Berry
1%
Singles 2008 Proud to be an American
1%
Beyoncé 13 Heaven Boots, Knowles Boots, Knowles
0%
4 16 Run the World (Girls) (Kaskade Club Remix)
0%
Aucun quiz correspondant
Distribution des résultats
% des personnes avec chaque résultat
Percentile par nombre de réponses
Votre historique - résultats
Vous n’avez pas pris ce quiz